000 00658nam a2200217Ia 4500
999 _c45226
_d45226
001 12049
003 GE_BSU
005 20221118165743.0
008 181216s2011en xx |||||||||||||| ||eng||
020 _a9780749955366x
040 _cGE_BSU
041 _aeng
080 _a821.111-32 R-66
100 _aRoberts, Nora
_915947
245 4 _aThe next always:
_bBook one of the inn at boonsboro Trilogy /
_cNora Roberts
264 _aLondon :
_bPlaktus,
_c2011.
300 _a341p .:
_b20cm.
653 _aThe next always:Book one of the inn at boonsboro Trilogy.
653 _aმხატვერული ლიტერატურა
942 _cBK
_2udc